Biblioteca y Centro de Documentación

Études économiques de l'OCDE, 2004 (Registro nro. 18215)

Detalles MARC
000 -CABECERA
Longitud fija campo de control 01470nam a2200433 c 4500
001 - NÚMERO DE CONTROL
Número de control 18215
003 - IDENTIFICADOR DE NÚMERO DE CONTROL
Identificador del número de control ES-MaCES
005 - FECHA Y HORA DE LA ÚLTIMA TRANSACCIÓN
Fecha y hora de la última transacción 20141221122527.0
008 - CAMPO FIJO DE DESCRIPCIÓN FIJA--INFORMACIÓN GENERAL
Códigos de información de longitud fija   051118s2005 fr d t i000 | fre d
020 ## - ISBN (INTERNATIONAL STANDARD BOOK NUMBER)
Número Internacional Normalizado para Libros (ISBN) 926401635X
035 ## - NÚMERO DE CONTROL DEL SISTEMA
Número de control del sistema CES20050013408m
040 ## - FUENTE DE CATALOGACIÓN
Centro catalogador de origen ES-MaCES
Lengua de catalogación spa
Centro transcriptor ES-MaCES
245 00 - MENCIÓN DE TÍTULO
Título Études économiques de l'OCDE, 2004
Nombre de parte o sección de la obra Fédération de Russie
260 ## - PUBLICACIÓN, DISTRIBUCIÓN, ETC (PIE DE IMPRENTA)
Lugar de publicación, distribución, etc. Paris
Nombre del editor, distribuidor, etc. OCDE
Fecha de publicación, distribución, etc. [2005]
300 ## - DESCRIPCIÓN FÍSICA
Extensión 302 p., [1] h. pleg.
Otras características físicas gráf. col.
Dimensiones 23 cm
500 ## - NOTA GENERAL
Nota general País no miembro de la OCDE
500 ## - NOTA GENERAL
Nota general En la cub.: volume 2004-11, september 2004
504 ## - NOTA DE BIBLIOGRAFÍA, ETC.
Nota de bibliografía, etc. Bibliografía
541 ## - NOTA DE LA FUENTE INMEDIANTE DE ADQUISICIÓN
Forma de adquisición Suscripción conjunta
650 #4 - ASIENTO SECUNDARIO DE MATERIA--TÉRMINO DE MATERIA
Término de materia o nombre geográfico como elemento inicial condiciones económicas
9 (RLIN) 27081
650 #4 - ASIENTO SECUNDARIO DE MATERIA--TÉRMINO DE MATERIA
Término de materia o nombre geográfico como elemento inicial predicción económica
9 (RLIN) 27072
650 #4 - ASIENTO SECUNDARIO DE MATERIA--TÉRMINO DE MATERIA
Término de materia o nombre geográfico como elemento inicial política económica
9 (RLIN) 27025
650 #4 - ASIENTO SECUNDARIO DE MATERIA--TÉRMINO DE MATERIA
Término de materia o nombre geográfico como elemento inicial desarrollo sostenible
9 (RLIN) 30785
650 #4 - ASIENTO SECUNDARIO DE MATERIA--TÉRMINO DE MATERIA
Término de materia o nombre geográfico como elemento inicial competitividad
9 (RLIN) 28270
650 #4 - ASIENTO SECUNDARIO DE MATERIA--TÉRMINO DE MATERIA
Término de materia o nombre geográfico como elemento inicial sector industrial
9 (RLIN) 27618
650 #4 - ASIENTO SECUNDARIO DE MATERIA--TÉRMINO DE MATERIA
Término de materia o nombre geográfico como elemento inicial gas natural
9 (RLIN) 27779
650 #4 - ASIENTO SECUNDARIO DE MATERIA--TÉRMINO DE MATERIA
Término de materia o nombre geográfico como elemento inicial industria eléctrica
9 (RLIN) 30787
650 #4 - ASIENTO SECUNDARIO DE MATERIA--TÉRMINO DE MATERIA
Término de materia o nombre geográfico como elemento inicial banco
9 (RLIN) 28104
650 #4 - ASIENTO SECUNDARIO DE MATERIA--TÉRMINO DE MATERIA
Término de materia o nombre geográfico como elemento inicial Rusia, Federación (1991- )
9 (RLIN) 30484
650 #4 - ASIENTO SECUNDARIO DE MATERIA--TÉRMINO DE MATERIA
Término de materia o nombre geográfico como elemento inicial 2004
9 (RLIN) 31739
650 #4 - ASIENTO SECUNDARIO DE MATERIA--TÉRMINO DE MATERIA
Término de materia o nombre geográfico como elemento inicial informe
9 (RLIN) 28986
653 10 - TÉRMINO DE INDEXACIÓN--NO CONTROLADO
Término no controlado Condiciones económicas
710 2# - ENCABEZAMIENTO SECUNDARIO--NOMBRE CORPORATIVO
Nombre de entidad o nombre de jurisdicción como elemento inicial Organización de Cooperación y Desarrollo Económico
9 (RLIN) 4694
787 0# - ENTRADA DE OTRAS ESPECIFICACIONES
Título Études économiques de l'OCDE, 2006
Número de control del registro relacionado (ES-MaCES)21081
787 0# - ENTRADA DE OTRAS ESPECIFICACIONES
Título Études économiques de l'OCDE, 2001-2002
Número de control del registro relacionado (ES-MaCES)13787
902 ## - CES. TIPO DE DOCUMENTO
Tipodoc (006$c Sirtex) LIB Libro
942 ## - ELEMENTOS KOHA
Fuente de clasificaión o esquema Clasificación propia del CES
Koha [por defecto] tipo de item Monografías
Parte de clasificación 0.0.
Existencias
Número de registro Signatura completa Tipo de item de Koha
062718 DPT-7288 Monografías
© CES, Consejo Económico y Social de España 2021